5HLuxD.jpg

KING HENRY VIII SENIOR AND PRIMARY SCHOOL LIBRARY OPAC

"Shouldn't you be in school?" / (Record no. 790)

000 -LEADER
fixed length control field 01763cam a2200277 ab4500
001 - CONTROL NUMBER
control field 662651
003 - CONTROL NUMBER IDENTIFIER
control field INLPI
005 - DATE AND TIME OF LATEST TRANSACTION
control field 20191217114711.0
008 - FIXED-LENGTH DATA ELEMENTS--GENERAL INFORMATION
fixed length control field 140917s2014 nyua c 000 f eng d
020 ## - INTERNATIONAL STANDARD BOOK NUMBER
International Standard Book Number 9780316380607
040 ## - CATALOGING SOURCE
Original cataloging agency NLIP
Language of cataloging eng
Transcribing agency NLPI
Modifying agency NLPI
Description conventions aacr2
042 ## - AUTHENTICATION CODE
Authentication code nbic
082 ## - DEWEY DECIMAL CLASSIFICATION NUMBER
Classification number FIC SNI
100 1# - MAIN ENTRY--PERSONAL NAME
Personal name Snicket, Lemony.
Relator term author
245 10 - TITLE STATEMENT
Title "Shouldn't you be in school?" /
Statement of responsibility, etc. Lemony Snicket ; art by Seth.
246 3# - VARYING FORM OF TITLE
Title proper/short title Should not you be in school.
260 ## - PUBLICATION, DISTRIBUTION, ETC.
Place of publication, distribution, etc. New York :
Name of publisher, distributor, etc. Little, Brown and Co.,
Date of publication, distribution, etc. 2015.
300 ## - PHYSICAL DESCRIPTION
Extent 325 pages :
Other physical details color illustrations ;
Dimensions 19 cm.
490 1# - SERIES STATEMENT
Series statement All the wrong questions ;
Volume/sequential designation 3.
520 ## - SUMMARY, ETC.
Summary, etc. There was a town, and there was a librarian, and there was a fire. While I was in town I was hired to investigate this fire, and I thought the librarian could help me bring a villain to justice. I was almost thirteen and I was wrong. I was wrong about all of it. I should have asked the question, "Why would someone destroy one building when they really wanted to destroy another" Instead, I asked the wrong questions 'four wrong questions, more or less. This is the account of the third. Young apprentice Lemony Snicket is trying to smoke out an arsonist but soon finds himself enveloped in a thickening haze of mystery that has settled upon the town of Stain'd-by-the-Sea. Who is setting the fires' What secrets are hidden in the Department of Education' Why are so many schoolchildren in danger' Is it all the work of the notorious villain Hangfire' How could you even ask that' Maybe you should be in school.
650 #0 - SUBJECT ADDED ENTRY--TOPICAL TERM
Topical term or geographic name entry element Apprentices
Form subdivision Juvenile fiction.
650 #0 - SUBJECT ADDED ENTRY--TOPICAL TERM
Topical term or geographic name entry element Arson investigation
Form subdivision Juvenile fiction.
700 0# - ADDED ENTRY--PERSONAL NAME
Personal name Seth,
Dates associated with a name 1962-
Relator term illustrator.
830 #0 - SERIES ADDED ENTRY--UNIFORM TITLE
Uniform title All the wrong questions ;
Volume/sequential designation 3.
942 ## - ADDED ENTRY ELEMENTS (KOHA)
Source of classification or shelving scheme
Koha item type Books - Fiction
Holdings
Withdrawn status Lost status Source of classification or shelving scheme Damaged status Not for loan Collection code Permanent Location Current Location Shelving location Date acquired Total Checkouts Full call number Barcode Date due Date last seen Date last checked out Price effective from Koha item type
          Fiction KH8 Senior School Library KH8 Senior School Library Fiction 2019-12-17 4 FIC SNI 3KHSL000101497 2025-02-23 2025-02-06 2025-02-06 2019-12-17 Books - Fiction

Powered By KH8 IT Dept